000 00619nam a22002057a 4500
005 20150107125910.0
010 _aENG-111511
020 _a9788174878816
_c850.00
035 _aEN-95043
037 _bDBAD/PUB
082 _a891.46
245 _aNative modernity :
_cedited by J.P.Singh
_bIndian English fiction /
260 _aNew Delhi
_bRadha Publications
_c2014
270 _a4231/1,Ansari Road,Daryaganj
_bNew Delhi
_e110002
300 _ax,286p.
_c22cm(Hb)
500 _aIncludes bibliographical references
600 _aSingh,J.P.
700 _aSingh,J.P.
942 _2ddc
_cEN
_mNAT
_h891.46
999 _c90571
_d90571